000 00441nam a22001697a 4500
003 OSt
005 20140327213003.0
008 131116b slv spa
040 _cBMC
082 _a972.84
100 1 _99479
_aDel Campo, Juan
245 1 0 _aVorágine roja en El Salvador
_cJuan del Campo
260 _a[San Salvador?
_bs.n.
_cs.a.]
300 _a350 p.
_bil.
_c21 cm
651 4 _93692
_aEl Salvador
_xHistoria
942 _2ddc
_cBK
999 _c4218
_d4218